| 000 | 00737cam a22002653a 4500 | ||
|---|---|---|---|
| 001 | 38845 | ||
| 003 | PGUSA | ||
| 005 | 20140828083846.0 | ||
| 008 | 130717s2013||||xxu|||||s|||||000 | eng d | ||
| 040 |
_aPGUSA _beng |
||
| 042 | _adc | ||
| 050 | 4 | _aDA | |
| 100 | 1 |
_aPlatt, William, _cMrs |
|
| 245 | 1 | 0 |
_aStories of the Scottish Border _h[electronic resource] / _cWilliam, Platt |
| 260 |
_bProject Gutenberg, _c2013 |
||
| 506 | _aPublic domain in the USA. | ||
| 516 | _aElectronic text | ||
| 653 | _aGreat Britain -- History | ||
| 653 | _aBallads | ||
| 653 | _aScotland -- History | ||
| 700 | 1 | _aWilliams, Morris Meredith | |
| 830 | 0 |
_aProject Gutenberg _v38845 |
|
| 856 | 4 | 0 | _uhttp://www.gutenberg.org/ebooks/38845 |
| 942 | _cEB | ||
| 999 |
_c268099 _d268099 |
||